000 00391nam a22001697a 4500
003 MPLRDC
005 20220104143159.0
008 210129b ||||| |||| 00| 0 eng d
082 _a945.32 WGZ
100 _a吴冠中著
245 _a吴冠中画选
_c
250 _a一版一刷
260 _a
_b人民美术出版社
_c1979
300 _b
650 _a
942 _cBK
_o945.32 WGZ
999 _c37407
_d37397